书目信息 |
| 题名: |
教学策略
|
|
| 作者: | 周军 著 | |
| 分册: | ||
| 出版信息: | 北京 教育科学出版社 2003 |
|
| 页数: | 265页 | |
| 开本: | 23cm | |
| 丛书名: | 新世纪教师教育丛书 | |
| 单 册: | ||
| 中图分类: | G420 | |
| 科图分类: | ||
| 主题词: | 教学研究 | |
| 电子资源: | ||
| ISBN: | 7-5041-2570-9 | |
| 000 | 00855nam0 2200265 450 | |
| 000 | 00877nam0 2200265 450 | |
| 000 | 00810nam0 2200241 450 | |
| 000 | 00774nam0 2200229 45 | |
| 005 | 20070727144028.46 | |
| 010 | @a7-5041-2570-9@dCNY25.00 | |
| 100 | @a20070709d2006 em y0chiy0120 ea | |
| 101 | 0 | @achi |
| 102 | @aCN@b110000 | |
| 105 | @ay z 000yy | |
| 200 | 1 | @a教学策略@AJiao Xue Ce Lue@f周军著@FZhou Jun Zhu |
| 210 | @a北京@c教育科学出版社@d2003 | |
| 215 | @a265页@d23cm | |
| 225 | 2 | @a新世纪教师教育丛书 |
| 330 | @a该书探讨了教学与教学策略的关系以及对教学策略的概念的分析与澄清;从特殊教学策略着手,以语、数、外为例探讨了学科的教学策略等内容。 | |
| 410 | 0 | @12001 @a新世纪教师教育丛书 |
| 606 | 0 | @a教学研究 |
| 690 | @aG420@v4 | |
| 701 | 1 | @a周军@AZhou Jun@c(教育学)@4著 |
| 801 | 0 | @aCN@bTAOJIN@c20070727 |
| 905 | @a10447@dG420@e182 | |
| 教学策略/周军著.-北京:教育科学出版社,2003 |
| 265页;23cm.-(新世纪教师教育丛书) |
| ISBN 7-5041-2570-9:CNY25.00 |
| 该书探讨了教学与教学策略的关系以及对教学策略的概念的分析与澄清;从特殊教学策略着手,以语、数、外为例探讨了学科的教学策略等内容。 |
| ● |
| 相关链接 |
|
|
|
|
正题名:教学策略
索取号:G420/182
 
预约/预借
| 序号 | 登录号 | 条形码 | 馆藏地/架位号 | 状态 | 备注 |
| 1 | 0821195 | 208211950 | 第一样本阅览室/ [索取号:G420/182] | 在馆 | |
| 2 | 0821196 | 208211969 | 第四借阅区/ [索取号:G420/182] | 在馆 | |
| 3 | 0821197 | 208211978 | 第四借阅区/ [索取号:G420/182] | 在馆 | |
| 4 | 0821198 | 208211987 | 第四借阅区/ [索取号:G420/182] | 在馆 | |
| 5 | 0821199 | 208211996 | 第四借阅区/ [索取号:G420/182] | 在馆 |